| 000 | 01668nam a2200361 i 4500 | ||
|---|---|---|---|
| 001 | 197815 | ||
| 003 | ES-MaACL | ||
| 005 | 20251217170414.0 | ||
| 007 | ta | ||
| 008 | 250910s2025 sp a|||| |||| 001 0 spa d | ||
| 017 |
_aSE 1079-2025 _bOficina Depósito Legal Sevilla |
||
| 020 | _a979-13-87552-68-8 | ||
| 040 |
_bspa _cES-MaACL _aES-MaACL _erda |
||
| 080 | _a929 Campoamor, Clara | ||
| 080 | _a929-054.7(=1:460.13)"1936/75"(062.552) | ||
| 245 | 0 | 0 |
_aSiempre a la espera : _bClara Campoamor y el exilio republicano en Suiza / _cJuan Aguilera Sastre, Luis Español Bouché, Rosa Mª Capel Martínez, Natacha Crocoll, Carme Eberenz-Greoles, Sébastien Farré, Beatriz Ledesma Fdez. de Castillejo, Isabel Lizarraga Vizcarra, Cristina Rosario Martínez Torres, Maria Ojuel Solsona, Mariàngela Vilallonga; edición de Cristina Rosario Martínez Torres |
| 264 | 1 |
_aValencina de la Concepción, Sevilla : _bRenacimiento, _cD.L. 2025 |
|
| 264 | 4 | _a©2025 | |
| 300 |
_a323 páginas : _bilustraciones ; _c21 cm. |
||
| 336 |
_2rdacontent _aTexto |
||
| 337 |
_2rdamedia _asin mediación |
||
| 338 |
_2rdacarrier _avolumen |
||
| 490 | 0 |
_aIluminaciones ; _v183. _pFilología, crítica y ensayo. |
|
| 504 | _aBibliografía: páginas 322-323. Índice | ||
| 600 | 1 | 4 |
_934230 _aCampoamor, Clara, _d1888-1972 |
| 650 | 4 |
_9175748 _aExilio- _xHistoria. _zEspaña- |
|
| 700 | 1 |
_9242237 _aMartínez Torres, Cristina Rosario _epbl |
|
| 852 |
_aES-MaACL _cDEPO1 _jA-15875 _xEncuadernación rústica con solapas _9206786 |
||
| 942 |
_cMONOGRAFIA _n0 |
||
| 999 |
_c197815 _d197815 |
||